Everybody Wants to Rule the World Lyrics - Statistics

General Stats
  • This quiz has been taken 72 times
  • The average score is 11 of 17
Answer Stats
Lyrics % Correct
Welcome to your {life}
92%
There's no {turning} {back}
89%
Acting on your best {behaviour}
88%
So glad we've almost {made} it
86%
Turn your back on {mother} {nature}
86%
We will {find} you
82%
Even while we {sleep}
77%
Nothing ever {lasts} {forever}
75%
Of {freedom} and of pleasure
58%
Help me make the {most}
57%
Help me to {decide}
55%
Holding hands while the {walls} come tumbling down
54%
There's a room where the {light} won't find you
54%
It's my own {design}
46%
It's my own {remorse}
46%
When they do I'll be {right behind} you
46%
So sad they had to {fade} it
43%
No matching quizzes found
Score Distribution
Percent of People with Each Score
Percentile by Number Answered
Your Score History
You have not taken this quiz